The politics of the presidency / (Record no. 1166)
[ view plain ]
| 000 -LEADER | |
|---|---|
| fixed length control field | 00999cam a2200289 a 4500 |
| 001 - CONTROL NUMBER | |
| control field | 17105012 |
| 003 - CONTROL NUMBER IDENTIFIER | |
| control field | GZU |
| 005 - DATE AND TIME OF LATEST TRANSACTION | |
| control field | 20210512110445.0 |
| 008 - FIXED-LENGTH DATA ELEMENTS--GENERAL INFORMATION | |
| fixed length control field | 120104s2013 dcua b 001 0 eng |
| 010 ## - LIBRARY OF CONGRESS CONTROL NUMBER | |
| LC control number | 2011052103 |
| 020 ## - INTERNATIONAL STANDARD BOOK NUMBER | |
| International Standard Book Number | 9781483375632 (pbk. : acidfree paper) |
| 040 ## - CATALOGING SOURCE | |
| Original cataloging agency | DLC |
| Transcribing agency | DLC |
| Modifying agency | DLC |
| 042 ## - AUTHENTICATION CODE | |
| Authentication code | pcc |
| 043 ## - GEOGRAPHIC AREA CODE | |
| Geographic area code | n-us--- |
| 050 00 - LIBRARY OF CONGRESS CALL NUMBER | |
| Classification number | JK516 |
| Item number | .PIK 2017 |
| 100 1# - MAIN ENTRY--PERSONAL NAME | |
| Personal name | Pika, Joseph August, |
| Dates associated with a name | 1947- |
| Relator term | author |
| 245 14 - TITLE STATEMENT | |
| Title | The politics of the presidency / |
| Statement of responsibility, etc. | Joseph A. Pika, John Anthony Maltese, Andrew Rudalevige. |
| 250 ## - EDITION STATEMENT | |
| Edition statement | 9th ed. |
| 260 ## - PUBLICATION, DISTRIBUTION, ETC. | |
| Place of publication, distribution, etc. | Los Angeles : |
| Name of publisher, distributor, etc. | Sage Publications I CQ Press , |
| Date of publication, distribution, etc. | c2017. |
| 300 ## - PHYSICAL DESCRIPTION | |
| Extent | xiii, 582p. : |
| Other physical details | ill. ; |
| Dimensions | 23 cm. |
| 504 ## - BIBLIOGRAPHY, ETC. NOTE | |
| Bibliography, etc. note | Includes bibliographical references and index. |
| 650 #0 - SUBJECT ADDED ENTRY--TOPICAL TERM | |
| Topical term or geographic name entry element | Presidents |
| Geographic subdivision | United States |
| Form subdivision | Textbooks. |
| 700 1# - ADDED ENTRY--PERSONAL NAME | |
| Personal name | Maltese, John Anthony. |
| Relator term | author |
| 906 ## - LOCAL DATA ELEMENT F, LDF (RLIN) | |
| a | 7 |
| b | cbc |
| c | orignew |
| d | 1 |
| e | ecip |
| f | 20 |
| g | y-gencatlg |
| 942 ## - ADDED ENTRY ELEMENTS (KOHA) | |
| Source of classification or shelving scheme | Library of Congress Classification |
| Koha item type | Books |
| Edition | 9th ed. |
| Classification part | 516 |
| Item part | PIK |
| Call number prefix | JK |
| Withdrawn status | Lost status | Source of classification or shelving scheme | Damaged status | Not for loan | Collection code | Home library | Current library | Shelving location | Date acquired | Source of acquisition | Total Checkouts | Full call number | Barcode | Date last seen | Copy number | Price effective from | Koha item type |
|---|---|---|---|---|---|---|---|---|---|---|---|---|---|---|---|---|---|
| Library of Congress Classification | Non-fiction | City Campus Library | City Campus Library | General Stacks | 09/18/2018 | Book Aid International | JK516 PIK 2017 | 030194 | 09/28/2020 | c. 1 | 09/28/2020 | Books | |||||
| Non-fiction | City Campus Library | City Campus Library | General Stacks | 11/06/2020 | JK516 PIK 2017 | 030192 | 11/06/2020 | c.2 | 11/06/2020 | Books | |||||||
| Non-fiction | City Campus Library | City Campus Library | General Stacks | 11/06/2020 | JK516 PIK 2017 | 030072 | 11/06/2020 | c.3 | 11/06/2020 | Books | |||||||
| Non-fiction | City Campus Library | City Campus Library | General Stacks | 11/06/2020 | JK516 PIK 2017 | 030073 | 11/06/2020 | c.4 | 11/06/2020 | Books | |||||||
| Non-fiction | City Campus Library | City Campus Library | General Stacks | 11/06/2020 | JK516 PIK 2017 | 030071 | 11/06/2020 | c.5 | 11/06/2020 | Books | |||||||
| Non-fiction | City Campus Library | City Campus Library | General Stacks | 11/06/2020 | JK516 PIK 2017 | 030193 | 11/06/2020 | c.6 | 11/06/2020 | Books | |||||||
| Non-fiction | Mashava Campus Library | Mashava Campus Library | General Stacks | 05/12/2021 | JK516 PIK 2017 | 030070 | 05/12/2021 | C7 | 05/12/2021 | Books | |||||||
| Non-fiction | Mashava Campus Library | Mashava Campus Library | General Stacks | 05/12/2021 | JK516 PIK 2017 | 030074 | 05/12/2021 | C8 | 05/12/2021 | Books | |||||||
| Non-fiction | Mashava Campus Library | Mashava Campus Library | General Stacks | 05/12/2021 | JK516 PIK 2017 | 030075 | 05/12/2021 | C9 | 05/12/2021 | Books |